000 00461nam a2200157Ia 4500
003 OSt
005 20200625123855.0
008 190216s9999||||xx |||||||||||||| ||und||
040 _coclc
082 _a954
_bKUN/I
100 _aKunhipacky, K
_93233
245 0 _aIndia Charitram /
_cK Kunhipacky ; P K Muhammed Ali
260 _bKerala Bhasha Institute,
_c1986.
_aTrivandrum:
300 _a245p
942 _cBK
_2ddc
_h954
_iKUN/I
_k954
_mKUN/I
999 _c18866
_d18866